Amul India Story (Record no. 60710)

MARC details
000 -LEADER
fixed length control field 00332nam a2200145Ia 4500
008 - FIXED-LENGTH DATA ELEMENTS--GENERAL INFORMATION
fixed length control field 221007s9999 xx 000 0 und d
041 ## - LANGUAGE CODE
Language code of text/sound track or separate title eng
082 ## - DEWEY DECIMAL CLASSIFICATION NUMBER
Classification number 920.650
Item number AMU
100 ## - MAIN ENTRY--PERSONAL NAME
Personal name Amul India
9 (RLIN) 96344
245 ## - TITLE STATEMENT
Title Amul India Story
260 ## - PUBLICATION, DISTRIBUTION, ETC. (IMPRINT)
Name of publisher, distributor, etc. Amul India
Place of publication, distribution, etc. Gujarat
500 ## - GENERAL NOTE
Keywords General
650 ## - SUBJECT ADDED ENTRY--TOPICAL TERM
Topical term or geographic name as entry element General
906 ## - LOCAL DATA ELEMENT F, LDF (RLIN)
b General
Holdings
Withdrawn status Lost status Damaged status Not for loan Home library Current library Date acquired Vendor Total Checkouts Full call number Barcode Date last seen Bill Date Koha item type Original Barcode
        Smt. Hiraben Nanavati Institute of Management & Research for Women Smt. Hiraben Nanavati Institute of Management & Research for Women 29/04/2009 Satya Gilani   920.650 AMU HIMR-AV-985 07/10/2022 17/07/2009 Video Casset AV0985